000
00332nam a2200133Ia 4500
008
240624s9999 xx 000 0 und d
041
_a
eng
082
_a
658.8 JAR
100
_a
JARBOE GREG
245
_a
YOUTUBE AND VIDEO MARKETING AN HOUR A DA
260
_c
2010
_a
New Delhi
_b
Wiley India
300
_a
474 : p.
365
_c
RS
_b
27
999
_c
15548
_d
15548